[Event "SRB-chT 2nd League"]
[Site "Vrnjacka Banja"]
[Date "2022.11.05"]
[Round "2.2"]
[White "Molnar, Gabor Roland"]
[Black "Alimpic, Aleksa"]
[Result "0-1"]
[WhiteElo "2097"]
[BlackElo "2217"]
[PlyCount "108"]
[EventDate "2022.11.04"]
[EventType "team-tourn"]
[EventRounds "11"]
[EventCountry "SRB"]
[SourceTitle "CBM 211 Extra"]
[Source "ChessBase"]
[SourceDate "2023.01.31"]
[SourceVersion "1"]
[SourceVersionDate "2023.01.31"]
[SourceQuality "1"]
[WhiteTeam "Senta"]
[BlackTeam "Gajdobra Hercegovac"]
[WhiteTeamCountry "SRB"]
[BlackTeamCountry "SRB"]

1. d4 d5 2. Nc3 Nf6 3. Bf4 c5 4. e3 cxd4 5. exd4 a6 6. Nf3 Bg4 7. h3 Bxf3 8. Qxf3 Nc6 9. 0-0-0 e6 10. g4 Rc8 11. g5 Nd7 12. h4 Qa5 13. Kb1 Bb4 14. Ne2 Be7 15. Nc1 b5 16. h5 Nb4 17. c3 Nc6 18. Bh3 Nd8 19. g6 hxg6 20. hxg6 f5 21. Qe3 Rf8 22. Bg2 Nf6 23. Nd3 Qb6 24. Bg5 Ng4 25. Qd2 Bd6 26. Rde1 Kd7 27. Rh7 Kc6 28. Bxd8 Qxd8 29. Rxe6 Qd7 30. Nb4+ Kb6 31. Nxd5+ Ka7 32. Re1 f4 33. Bh3 Qf5+ 34. Qc2 Qxd5 35. Rxg7+ Kb6 36. Bxg4 Rce8 37. Rxe8 Rxe8 38. Rd7 Re1+ 39. Bd1 Rxd1+ 40. Qxd1 Qf5+ 41. Ka1 Qxd7 42. d5 Be5 43. Qd3 Kc5 44. b4+ Kd6 45. a4 Qb7 46. axb5 Qxb5 47. Qh3 Qxd5 48. Kb2 Qe4 49. Qf1 Qxb4+ 50. Ka2 Qa4+ 51. Kb2 Qb5+ 52. Qxb5 axb5 53. Kb3 Kc5 54. f3 Bg7 0-1

[Event "Battle of Senta op-B 15th"]
[Site "Senta"]
[Date "2011.07.19"]
[Round "5"]
[White "Molnar, Gabor Roland"]
[Black "Juhasz, Barbara"]
[Result "1/2-1/2"]
[WhiteElo "1920"]
[BlackElo "2038"]
[PlyCount "116"]
[EventDate "2011.07.16"]
[EventType "swiss"]
[EventRounds "9"]
[EventCountry "SRB"]
[SourceTitle "EXT 2019"]
[Source "ChessBase"]
[SourceDate "2018.10.10"]
[SourceVersion "1"]
[SourceVersionDate "2018.10.10"]
[SourceQuality "1"]

1. e4 c5 2. c3 Nf6 3. e5 Nd5 4. Bc4 e6 5. Nf3 Nc6 6. d4 cxd4 7. cxd4 d6 8. 0-0 Be7 9. Re1 0-0 10. Qe2 dxe5 11. dxe5 a6 12. Qe4 b5 13. Bb3 Bb7 14. Rd1 Na5 15. Bc2 g6 16. Bh6 Re8 17. Qe1 Qc7 18. Rc1 Qb6 19. Nbd2 Rac8 20. Be4 Red8 21. Rxc8 Rxc8 22. Rc1 Bc5 23. Rd1 Be7 24. Qe2 Bc6 25. Ng5 Bf8 26. Qf3 Qc7 27. Qh3 Nf4 28. Qh4 Nh5 29. Bxf8 Rxf8 30. g4 h6 31. gxh5 hxg5 32. Qxg5 Qd8 33. Qg4 Kg7 34. b4 Rh8 35. bxa5 Rxh5 36. Qf4 Bxe4 37. Qxe4 Qxa5 38. Nf3 Qxa2 39. Rd8 Rh8 40. Rxh8 Kxh8 41. Ng5 Kg7 42. Qf4 Qb1+ 43. Kg2 Qf5 44. Qxf5 exf5 45. Nf3 a5 46. Nd2 f6 47. exf6+ Kxf6 48. Kf3 Kg5 49. Kg3 a4 50. Kf3 Kh4 51. Kg2 g5 52. h3 g4 53. hxg4 Kxg4 54. Kf1 Kh3 55. Ke2 Kg2 56. f3 f4 57. Ne4 b4 58. Nc5 a3 1/2-1/2

[Event "Senta January op"]
[Site "Senta"]
[Date "2011.02.05"]
[Round "6"]
[White "Molnar, Gabor Roland"]
[Black "Solymosi, Andras"]
[Result "1/2-1/2"]
[WhiteElo "1941"]
[BlackElo "1697"]
[PlyCount "74"]
[EventDate "2011.01.21"]
[EventType "swiss"]
[EventRounds "9"]
[EventCountry "SRB"]
[SourceTitle "CBM 140 Extra"]
[Source "ChessBase"]
[SourceDate "2011.03.01"]
[SourceVersion "1"]
[SourceVersionDate "2011.03.01"]
[SourceQuality "1"]

1. d4 Nf6 2. c4 g6 3. Nc3 Bg7 4. e4 d6 5. Nf3 0-0 6. Bd3 e5 7. dxe5 dxe5 8. Bg5 Nbd7 9. 0-0 c6 10. Qc2 Qc7 11. b4 h6 12. Be3 Ng4 13. Bd2 Re8 14. h3 Ngf6 15. c5 Nf8 16. Nd1 Nxe4 17. Bxe4 f5 18. Nc3 fxe4 19. Nxe4 Bf5 20. Rfe1 Rad8 21. Bc3 Rd5 22. Qb2 Bxe4 23. Rxe4 Nd7 24. Rae1 b6 25. cxb6 axb6 26. Nd2 b5 27. f4 Qb6+ 28. Kh2 Rf8 29. fxe5 Rf2 30. Kh1 Bxe5 31. Rxe5 Nxe5 32. Rxe5 Rdxd2 33. Bxd2 Rf1+ 34. Kh2 Qg1+ 35. Kg3 Qf2+ 36. Kh2 Qg1+ 37. Kg3 Qf2+ 1/2-1/2

[Event "Senta January op"]
[Site "Senta"]
[Date "2011.01.29"]
[Round "4"]
[White "Molnar, Gabor Roland"]
[Black "Vranic, Ljubomir"]
[Result "0-1"]
[WhiteElo "1941"]
[BlackElo "2178"]
[PlyCount "104"]
[EventDate "2011.01.21"]
[EventType "swiss"]
[EventRounds "9"]
[EventCountry "SRB"]
[SourceTitle "CBM 140 Extra"]
[Source "ChessBase"]
[SourceDate "2011.03.01"]
[SourceVersion "1"]
[SourceVersionDate "2011.03.01"]
[SourceQuality "1"]

1. e4 d5 2. exd5 Nf6 3. Nc3 Nxd5 4. Bc4 Nb6 5. Be2 Nc6 6. Nf3 g6 7. 0-0 Bg7 8. d3 h6 9. Be3 e5 10. Qd2 Be6 11. Ne4 Nd5 12. Nc5 Bc8 13. Rad1 Nxe3 14. fxe3 0-0 15. e4 Nd4 16. Nb3 Nxe2+ 17. Qxe2 Qd6 18. Nbd2 Qb6+ 19. Qf2 Qxb2 20. Nc4 Qb5 21. Rb1 Qa4 22. Ncxe5 b6 23. c3 Qa5 24. d4 Bb7 25. Qc2 Rad8 26. Rf2 Qa3 27. Rbf1 Qe7 28. Re2 c5 29. Rd1 Rfe8 30. Qa4 Qc7 31. Rde1 cxd4 32. cxd4 Bxe5 33. Nxe5 Kg7 34. Nf3 a6 35. d5 Qc5+ 36. Kh1 b5 37. Qb3 Rc8 38. Rf1 Qc3 39. Qd1 Qc4 40. Nd4 Kg8 41. h3 Qc7 42. Qd2 Qe5 43. Rf4 Rc4 44. Nf3 Qa1+ 45. Kh2 Rc1 46. Ne1 Rd1 47. Qe3 Bxd5 48. Rh4 Qe5+ 49. g3 h5 50. Nd3 Qa1 51. Ne1 Bc4 52. Nf3 Rh1+ 0-1

[Event "Senta op-B 14th"]
[Site "Senta"]
[Date "2010.07.19"]
[Round "4"]
[White "Molnar, Gabor Roland"]
[Black "Bulatovic, Ilija"]
[Result "0-1"]
[WhiteElo "1922"]
[BlackElo "2032"]
[PlyCount "94"]
[EventDate "2010.07.17"]
[EventType "swiss"]
[EventRounds "9"]
[EventCountry "YUG"]
[SourceTitle "EXT 2011"]
[Source "ChessBase"]
[SourceDate "2010.11.26"]
[SourceVersion "1"]
[SourceVersionDate "2010.11.26"]
[SourceQuality "1"]

1. e4 c5 2. c3 d5 3. exd5 Qxd5 4. d4 Nf6 5. Nf3 Bg4 6. Be2 e6 7. Be3 cxd4 8. cxd4 Nc6 9. Nc3 Qd6 10. h3 Bh5 11. 0-0 Be7 12. a3 0-0 13. Qb3 Rfd8 14. Rfd1 Nd5 15. Ne4 Qb8 16. Rac1 Bd6 17. Nc5 Bxc5 18. dxc5 Qc7 19. Bg5 Rd7 20. Rd2 h6 21. Bh4 Nf4 22. Qe3 Rxd2 23. Qxd2 Nxe2+ 24. Qxe2 Nd4 25. Qe4 Nxf3+ 26. gxf3 Bg6 27. Qe3 Bf5 28. Kg2 Qd7 29. Bg3 f6 30. Bd6 e5 31. h4 Re8 32. b4 Qf7 33. f4 exf4 34. Qxf4 Qh5 35. Rc4 Re2 36. Qf3 Qg6+ 37. Qg3 Qf7 38. Rc1 Qe6 39. Bf4 Kh7 40. Rd1 Qe4+ 41. Kh2 Ra2 42. Rg1 g5 43. hxg5 hxg5 44. Bd6 Kg6 45. Rd1 Qe2 46. Qg1 Qh5+ 47. Kg2 Qh3# 0-1

[Event "SRB-ch U18"]
[Site "Sokobanja"]
[Date "2010.04.06"]
[Round "3"]
[White "Molnar, Gabor Roland"]
[Black "Janjic, Stefan"]
[Result "1/2-1/2"]
[WhiteElo "1956"]
[BlackElo "1724"]
[PlyCount "48"]
[EventDate "2010.04.05"]
[EventType "swiss"]
[EventRounds "9"]
[EventCountry "YUG"]
[SourceTitle "CBM 135 Extra"]
[Source "ChessBase"]
[SourceDate "2010.05.04"]
[SourceVersion "1"]
[SourceVersionDate "2010.05.04"]
[SourceQuality "1"]

1. e4 e6 2. d4 d5 3. exd5 exd5 4. Nf3 Nf6 5. Bd3 Bd6 6. 0-0 0-0 7. Bg5 Bg4 8. h3 Bh5 9. Re1 Nbd7 10. Nbd2 c6 11. c3 Qc7 12. Qc2 Bg6 13. Nf1 Ne4 14. c4 Nxg5 15. Nxg5 dxc4 16. Bxg6 hxg6 17. Qxc4 Bf4 18. Nf3 Nb6 19. Qb3 Nd5 20. Ne3 Nxe3 21. fxe3 Bg3 22. Rf1 Rfe8 23. Nd2 Rad8 24. Rf3 Re7 1/2-1/2

[Event "Senta January op"]
[Site "Senta"]
[Date "2010.02.01"]
[Round "6"]
[White "Molnar, Gabor Roland"]
[Black "Domany, Zsofia"]
[Result "1/2-1/2"]
[WhiteElo "1955"]
[BlackElo "2205"]
[PlyCount "108"]
[EventDate "2010.01.22"]
[EventType "swiss"]
[EventRounds "9"]
[EventCountry "YUG"]
[SourceTitle "EXT 2011"]
[Source "ChessBase"]
[SourceDate "2010.11.26"]
[SourceVersion "1"]
[SourceVersionDate "2010.11.26"]
[SourceQuality "1"]

1. e4 c5 2. c3 d5 3. exd5 Qxd5 4. d4 e6 5. Nf3 Nf6 6. Be3 cxd4 7. cxd4 Nc6 8. Nc3 Qd6 9. Be2 Be7 10. 0-0 0-0 11. a3 b6 12. Qb3 Bb7 13. h3 Rac8 14. Rfd1 Rfd8 15. Rac1 Na5 16. Qa2 Nd5 17. Nb5 Qb8 18. b4 a6 19. bxa5 axb5 20. Bd2 Nf4 21. Bxf4 Qxf4 22. Rxc8 Rxc8 23. axb6 Qd6 24. Bxb5 Qxb6 25. a4 Rd8 26. Be2 Bd5 27. a5 Qa7 28. Qa4 g6 29. a6 Bf6 30. Ne5 Ra8 31. Ra1 Kg7 32. Bb5 Rb8 33. Bc6 Rb2 34. Rf1 Ra2 35. Qb5 Qxa6 36. Qxa6 Rxa6 37. Bxd5 exd5 38. f4 Ra2 39. Rd1 Bh4 40. Nd7 Bg3 41. Nb6 Ra5 42. f5 Rb5 43. Na4 gxf5 44. Nc3 Ra5 45. Kf1 Kf6 46. Rb1 Bf4 47. Ke2 h5 48. Rb6+ Ke7 49. Rb3 Bg5 50. Kf3 Bf6 51. Ne2 Ra4 52. Rb7+ Kf8 53. Ke3 Bg5+ 54. Kf2 Bf6 1/2-1/2

[Event "Senta January op"]
[Site "Senta"]
[Date "2010.01.23"]
[Round "2"]
[White "Molnar, Gabor Roland"]
[Black "Vranic, Ljubomir"]
[Result "0-1"]
[WhiteElo "1955"]
[BlackElo "2158"]
[PlyCount "58"]
[EventDate "2010.01.22"]
[EventType "swiss"]
[EventRounds "9"]
[EventCountry "YUG"]
[SourceTitle "EXT 2011"]
[Source "ChessBase"]
[SourceDate "2010.11.26"]
[SourceVersion "1"]
[SourceVersionDate "2010.11.26"]
[SourceQuality "1"]

1. e4 d6 2. d4 Nd7 3. f4 e5 4. Nf3 Ngf6 5. Bd3 c6 6. h3 Nh5 7. 0-0 exf4 8. Nh2 Ndf6 9. Bxf4 Nxf4 10. Rxf4 Qb6 11. Nc3 Qxd4+ 12. Kh1 Be7 13. Qf3 Be6 14. Re1 Qe5 15. Qe3 Nh5 16. Rf3 Bh4 17. Rd1 Ng3+ 18. Kg1 h5 19. Ne2 Nxe2+ 20. Bxe2 Qxb2 21. Rxd6 Qb6 22. Qxb6 axb6 23. a3 Be7 24. Rdd3 Ra4 25. Kf2 Rxe4 26. Nf1 Bc5+ 27. Ke1 Bc4 28. Rd2 0-0 29. Kd1 Rfe8 0-1

[Event "Senta op-B 13th"]
[Site "Senta"]
[Date "2009.07.22"]
[Round "6"]
[White "Molnar, Gabor Roland"]
[Black "Nesovanovic, Miroslav"]
[Result "1-0"]
[WhiteElo "1892"]
[BlackElo "1987"]
[PlyCount "79"]
[EventDate "2009.07.18"]
[EventType "swiss"]
[EventRounds "9"]
[EventCountry "YUG"]
[SourceTitle "EXT 2012"]
[Source "ChessBase"]
[SourceDate "2011.11.24"]
[SourceVersion "1"]
[SourceVersionDate "2011.11.24"]
[SourceQuality "1"]

1. e4 e5 2. d4 exd4 3. Nf3 Nc6 4. Nxd4 Bc5 5. Be3 Qf6 6. c3 d6 7. f3 a6 8. Be2 Nge7 9. 0-0 Qg6 10. Kh1 Bd7 11. Nd2 Ba7 12. f4 h5 13. f5 Qh7 14. N2f3 f6 15. Bc4 Nd8 16. Qd2 Bb8 17. Rfd1 Nec6 18. b4 Nf7 19. Ne6 Nce5 20. Nxe5 Nxe5 21. Bb3 Bc6 22. Bd5 Ke7 23. c4 Ng4 24. Bg1 Bxd5 25. Qxd5 c6 26. Qd2 g6 27. Nd4 Rd8 28. fxg6 Qxg6 29. Nf5+ Ke6 30. c5 d5 31. exd5+ Rxd5 32. Qe2+ Kxf5 33. Rxd5+ cxd5 34. Rf1+ Kg5 35. Be3+ Nxe3 36. Qxe3+ Kh4 37. g3+ Kg4 38. Qe6+ Kg5 39. h4+ Kh6 40. Rxf6 1-0

[Event "Senta op-B 13th"]
[Site "Senta"]
[Date "2009.07.19"]
[Round "2"]
[White "Molnar, Gabor Roland"]
[Black "Aleksic, Zvonimir"]
[Result "0-1"]
[WhiteElo "1892"]
[BlackElo "2047"]
[PlyCount "120"]
[EventDate "2009.07.18"]
[EventType "swiss"]
[EventRounds "9"]
[EventCountry "YUG"]
[SourceTitle "EXT 2012"]
[Source "ChessBase"]
[SourceDate "2011.11.24"]
[SourceVersion "1"]
[SourceVersionDate "2011.11.24"]
[SourceQuality "1"]

1. e4 d5 2. exd5 Nf6 3. Nc3 Nxd5 4. Bc4 Nb6 5. Bb3 Nc6 6. h3 Nd4 7. Nf3 Nxb3 8. axb3 g6 9. 0-0 Bg7 10. d4 0-0 11. Be3 c6 12. Qd2 Re8 13. Bh6 Bh8 14. Rad1 Nd5 15. Nxd5 Qxd5 16. Rfe1 Bxh3 17. c4 Qh5 18. gxh3 Qxf3 19. Re3 Qh5 20. Rg3 Bxd4 21. Qxd4 Qxh6 22. Rgd3 e5 23. Qc5 Qg5+ 24. Kh2 Qe7 25. Qe3 e4 26. Rd7 Qe5+ 27. Kg1 Re7 28. f4 Rxd7 29. fxe5 Rxd1+ 30. Kf2 Rad8 31. Qxe4 R1d4 32. Qe1 Rd2+ 33. Kf3 R2d3+ 34. Kg2 Re8 35. Qb4 Rd7 36. Qc5 a6 37. b4 Re6 38. Qa7 Rde7 39. b5 cxb5 40. cxb5 axb5 41. Qb8+ Kg7 42. b3 Rxe5 43. Qd6 h5 44. b4 Re2+ 45. Kg3 g5 46. Qd4+ f6 47. Kf3 R7e3+ 48. Qxe3 Rxe3+ 49. Kxe3 f5 50. Kd4 f4 51. h4 g4 52. Kc5 f3 53. Kxb5 f2 54. Kb6 f1Q 55. Kxb7 Qb5+ 56. Ka7 Kf7 57. Ka8 Ke7 58. Ka7 Kd7 59. Ka8 Kc7 60. Ka7 Qa4# 0-1